[Event "Trofeo abierto Universidad de Jaen 2025"]
[Site "Maestra, 16 (Palacio de Cultura)"]
[Date "2025.04.05"]
[Round "7.4"]
[White "Soto Calzado, Manuel"]
[Black "Blanca Almagro, Miguel Angel"]
[Result "0-1"]
[TimeControl "10' + 5\""]
[WhiteFideId "2234033"]
[BlackFideId "2245051"]
[WhiteElo "1550"]
[BlackElo "1905"]

1. e4 {[%clk 00:10:08]} {[%emt 00:00:02]} c5 {[%clk 00:10:06]} {[%emt
00:00:04]} 2. Nc3 {[%clk 00:10:09]} {[%emt 00:00:04]} Nc6 {[%clk 00:10:09]}
{[%emt 00:00:02]} 3. Nf3 {[%clk 00:10:11]} {[%emt 00:00:04]} d6 {[%clk
00:10:10]} {[%emt 00:00:04]} 4. d3 {[%clk 00:10:12]} {[%emt 00:00:03]} Nf6
{[%clk 00:10:12]} {[%emt 00:00:03]} 5. Be2 {[%clk 00:10:12]} {[%emt 00:00:04]}
e6 {[%clk 00:10:16]} {[%emt 00:00:02]} 6. Be3 {[%clk 00:09:51]} {[%emt
00:00:26]} Be7 {[%clk 00:10:17]} {[%emt 00:00:04]} 7. a3 {[%clk 00:09:51]}
{[%emt 00:00:06]} Ng4 {[%clk 00:10:19]} {[%emt 00:00:02]} 8. Qd2 {[%clk
00:09:04]} {[%emt 00:00:52]} Nxe3 {[%clk 00:10:17]} {[%emt 00:00:08]} 9. fxe3
{[%clk 00:08:56]} {[%emt 00:00:13]} O-O {[%clk 00:10:08]} {[%emt 00:00:13]} 10.
O-O {[%clk 00:08:27]} {[%emt 00:00:35]} Bf6 {[%clk 00:10:10]} {[%emt 00:00:02]}
11. Rab1 {[%clk 00:07:58]} {[%emt 00:00:35]} a5 {[%clk 00:10:06]} {[%emt
00:00:09]} 12. d4 {[%clk 00:07:59]} {[%emt 00:00:04]} Qe7 {[%clk 00:10:00]}
{[%emt 00:00:10]} 13. d5 {[%clk 00:07:46]} {[%emt 00:00:19]} Ne5 {[%clk
00:10:02]} {[%emt 00:00:03]} 14. Nxe5 {[%clk 00:07:49]} {[%emt 00:00:03]} Bxe5
{[%clk 00:10:04]} {[%emt 00:00:03]} 15. Rf2 {[%clk 00:07:21]} {[%emt 00:00:33]}
Bd7 {[%clk 00:09:53]} {[%emt 00:00:16]} 16. Rbf1 {[%clk 00:07:24]} {[%emt
00:00:03]} Rab8 {[%clk 00:09:45]} {[%emt 00:00:13]} 17. Bd3 {[%clk 00:06:07]}
{[%emt 00:01:22]} b6 {[%clk 00:09:11]} {[%emt 00:00:38]} 18. b3 {[%clk
00:06:01]} {[%emt 00:00:11]} h6 {[%clk 00:08:45]} {[%emt 00:00:31]} 19. Ne2
{[%clk 00:06:04]} {[%emt 00:00:02]} b5 {[%clk 00:08:39]} {[%emt 00:00:11]} 20.
Nf4 {[%clk 00:06:07]} {[%emt 00:00:03]} a4 {[%clk 00:08:35]} {[%emt 00:00:09]}
21. h3 {[%clk 00:04:58]} {[%emt 00:01:13]} axb3 {[%clk 00:08:33]} {[%emt
00:00:07]} 22. cxb3 {[%clk 00:05:02]} Qg5 {[%clk 00:07:44]} {[%emt 00:00:54]}
23. Qd1 {[%clk 00:04:25]} {[%emt 00:00:43]} Ra8 {[%clk 00:07:01]} {[%emt
00:00:48]} 24. Ra2 {[%clk 00:04:29]} {[%emt 00:00:02]} Ra7 {[%clk 00:06:47]}
{[%emt 00:00:18]} 25. Qf3 {[%clk 00:03:56]} {[%emt 00:00:37]} Bf6 {[%clk
00:06:27]} {[%emt 00:00:25]} 26. Nh5 {[%clk 00:03:28]} {[%emt 00:00:33]} Be5
{[%clk 00:06:15]} {[%emt 00:00:16]} 27. Nf4 {[%clk 00:03:32]} {[%emt 00:00:02]}
Raa8 {[%clk 00:04:53]} {[%emt 00:01:28]} 28. Qh5 {[%clk 00:03:24]} {[%emt
00:00:12]} Bxf4 {[%clk 00:04:52]} {[%emt 00:00:06]} 29. a4 {[%emt 00:02:14]}
Be5 {[%emt 00:00:03]} 30. Qf3 {[%emt 00:00:09]} Bf6 {[%emt 00:00:04]} 31. Bc4
{[%emt 00:01:37]} b4 {[%emt 00:00:06]} 0-1

[Event "Trofeo abierto Universidad de Jaen 2025"]
[Site "Maestra, 16 (Palacio de Cultura)"]
[Date "2025.04.05"]
[Round "7.6"]
[White "Latorre Plaza, Sergio"]
[Black "Plazas Sanchez, Ruben"]
[Result "1-0"]
[TimeControl "10' + 5\""]
[WhiteFideId "54547466"]
[BlackFideId "94772851"]
[WhiteElo "1761"]
[BlackElo "1961"]

1. d4 {[%clk 00:10:07]} {[%emt 00:00:02]} f5 {[%clk 00:10:08]} {[%emt
00:00:03]} 2. Nf3 {[%clk 00:10:09]} {[%emt 00:00:02]} Nf6 {[%clk 00:10:12]}
{[%emt 00:00:02]} 3. c4 {[%clk 00:10:09]} {[%emt 00:00:05]} e6 {[%clk
00:10:15]} {[%emt 00:00:02]} 4. Bf4 {[%clk 00:10:07]} {[%emt 00:00:07]} b6
{[%clk 00:10:17]} {[%emt 00:00:03]} 5. Nc3 {[%clk 00:09:53]} {[%emt 00:00:18]}
Bb4 {[%clk 00:10:20]} {[%emt 00:00:02]} 6. Bd2 {[%clk 00:09:19]} {[%emt
00:00:39]} Bb7 {[%clk 00:10:23]} {[%emt 00:00:02]} 7. e3 {[%clk 00:09:20]}
{[%emt 00:00:03]} O-O {[%clk 00:10:21]} {[%emt 00:00:07]} 8. Be2 {[%clk
00:09:23]} {[%emt 00:00:02]} Bxc3 {[%clk 00:09:54]} {[%emt 00:00:33]} 9. Bxc3
{[%clk 00:09:26]} {[%emt 00:00:03]} Ne4 {[%clk 00:09:57]} {[%emt 00:00:01]} 10.
Rc1 {[%clk 00:09:27]} {[%emt 00:00:04]} d6 {[%clk 00:09:55]} {[%emt 00:00:07]}
11. O-O {[%clk 00:09:26]} {[%emt 00:00:05]} a5 {[%emt 00:00:22]} 12. Nd2 {[%clk
00:09:11]} Nxc3 {[%clk 00:10:00]} {[%emt 00:00:03]} 13. Rxc3 {[%clk 00:09:13]}
{[%emt 00:00:02]} Nd7 {[%clk 00:10:03]} {[%emt 00:00:02]} 14. Bf3 {[%clk
00:09:05]} {[%emt 00:00:13]} Bxf3 {[%emt 00:00:39]} 15. Qxf3 {[%clk 00:08:25]}
{[%emt 00:00:13]} e5 {[%clk 00:10:05]} {[%emt 00:00:02]} 16. Qd5+ {[%clk
00:07:03]} {[%emt 00:01:27]} Kh8 {[%clk 00:10:08]} {[%emt 00:00:02]} 17. Qc6
{[%clk 00:06:20]} {[%emt 00:00:48]} Rf6 {[%clk 00:08:47]} {[%emt 00:01:25]} 18.
f4 {[%clk 00:05:52]} {[%emt 00:00:34]} Rc8 {[%clk 00:08:04]} {[%emt 00:00:48]}
19. Qf3 {[%clk 00:05:43]} {[%emt 00:00:13]} e4 {[%clk 00:07:19]} {[%emt
00:00:51]} 20. Qe2 {[%clk 00:05:41]} {[%emt 00:00:08]} Qe8 {[%clk 00:06:07]}
{[%emt 00:01:17]} 21. Rf2 {[%clk 00:05:31]} {[%emt 00:00:15]} Nb8 {[%clk
00:05:52]} {[%emt 00:00:20]} 22. b3 {[%clk 00:04:56]} {[%emt 00:00:40]} Nc6
{[%clk 00:05:52]} {[%emt 00:00:05]} 23. a3 {[%clk 00:04:57]} {[%emt 00:00:04]}
Ne7 {[%clk 00:05:03]} {[%emt 00:00:54]} 24. Rc2 {[%emt 00:00:48]} Ng8 {[%clk
00:04:09]} {[%emt 00:00:41]} 25. Nb1 {[%emt 00:00:27]} Nh6 {[%clk 00:03:31]}
{[%emt 00:00:26]} 26. h3 {[%clk 00:04:29]} {[%emt 00:00:04]} Ng8 {[%clk
00:03:20]} {[%emt 00:00:16]} 27. Nc3 {[%clk 00:04:32]} {[%emt 00:00:03]} Ne7
{[%clk 00:03:23]} {[%emt 00:00:02]} 28. Qd2 {[%clk 00:04:09]} {[%emt 00:00:27]}
Qd7 {[%clk 00:02:20]} {[%emt 00:01:08]} 29. Ne2 {[%clk 00:04:09]} {[%emt
00:00:04]} Rff8 {[%clk 00:01:49]} {[%emt 00:00:38]} 30. Kh2 {[%clk 00:03:34]}
{[%emt 00:00:39]} Qe6 {[%clk 00:01:47]} {[%emt 00:00:08]} 31. d5 {[%clk
00:03:21]} {[%emt 00:00:18]} Qf6 {[%clk 00:01:30]} {[%emt 00:00:22]} 32. Qd4
{[%emt 00:00:33]} Qxd4 {[%clk 00:00:40]} {[%emt 00:00:39]} 33. Nxd4 {[%clk
00:03:12]} {[%emt 00:00:02]} c6 {[%clk 00:00:44]} {[%emt 00:00:02]} 34. dxc6
{[%clk 00:03:02]} {[%emt 00:00:15]} Nxc6 {[%clk 00:00:48]} {[%emt 00:00:01]} 35.
Rfd2 {[%clk 00:02:58]} {[%emt 00:00:09]} Nxd4 {[%clk 00:00:38]} {[%emt
00:00:16]} 36. Rxd4 {[%clk 00:03:01]} {[%emt 00:00:01]} Rc6 {[%clk 00:00:35]}
{[%emt 00:00:07]} 37. Rcd2 {[%clk 00:03:03]} {[%emt 00:00:03]} Rf6 {[%clk
00:00:32]} {[%emt 00:00:09]} 38. Kg3 {[%clk 00:02:43]} {[%emt 00:00:24]} g6
{[%clk 00:00:34]} {[%emt 00:00:03]} 39. Kf2 {[%clk 00:02:30]} {[%emt 00:00:17]}
Kg7 {[%clk 00:00:38]} {[%emt 00:00:01]} 40. g4 {[%clk 00:02:34]} {[%emt
00:00:02]} Kf7 {[%clk 00:00:36]} {[%emt 00:00:08]} 41. Rd5 {[%clk 00:02:06]}
{[%emt 00:00:32]} Ke7 {[%clk 00:00:30]} {[%emt 00:00:11]} 42. Kg3 {[%clk
00:02:07]} {[%emt 00:00:05]} Rc5 {[%clk 00:00:22]} {[%emt 00:00:13]} 43. g5
{[%clk 00:01:52]} {[%emt 00:00:20]} Re6 {[%clk 00:00:21]} {[%emt 00:00:05]} 44.
h4 {[%emt 00:00:12]} Kd7 {[%clk 00:00:08]} {[%emt 00:00:18]} 45. Kf2 {[%clk
00:01:33]} {[%emt 00:00:17]} Kc6 {[%clk 00:00:09]} {[%emt 00:00:04]} 46. Kg3
{[%clk 00:01:22]} {[%emt 00:00:16]} a4 {[%clk 00:00:13]} {[%emt 00:00:01]} 47.
Rxc5+ {[%clk 00:01:12]} {[%emt 00:00:15]} bxc5 {[%emt 00:01:13]} 1-0